Türk işçi hareketi için sosyal demokrat düzen (Record no. 6963)

MARC details
000 -BAŞLIK
Sabit Uzunlukta Kontrol Alanı 01046na a2200289 4500
001 - KONTROL NUMARASI
Denetim Alanı 16249
003 - KONTROL NUMARASI IDENTIFIER
Denetim Alanı MIRAKIL
005 - SON İŞLEM TARİHİ VE ZAMANI
Denetim Alanı 20181213155124.0
008 - SABİT-BOY VERİ ELEMANLARI - GENEL BİLGİLER
Sabit Uzunlukta Kontrol Alanı 161003b tu 000 0
035 ## - SİSTEM KONTROL NUMARASI
Sistem Kontrol Numarası 16249
040 ## - KATALOGLAMA KAYNAK
Orijinal Kataloglama Ajansı Milas
Kataloglama Dili tur
Metne Dönüştürmek Ajansı TR-AnCHP
041 ## - DİL KODU
Metin / Ses Parça Veya Ayrı Başlığın Dil Kodu tur
082 ## - DEWEY ONLU SINIFLANDIRMA NUMARASI
Sınıflandırma Numarası 335.509561
Ürün Numarası T96 1971
090 ## - SINIFLAMA NUMARASI
Sınıflama Numarası 335.509561 T96 1971
245 ## - BAŞLIK TABLOSU
Başlık Türk işçi hareketi için sosyal demokrat düzen
Başlığın Kalan ilkeler-amaçlar-yöntem
Sorumluluk Tablosu, Vb Besin İş ...[ve öte.]
246 ## - UNVAN FORM VARYING
Başlık Doğru / Kısa Başlığı İşçi hareketleri
246 ## - UNVAN FORM VARYING
Başlık Doğru / Kısa Başlığı Sosyal demokrat düzen
260 ## - YAYIN, DAĞITIM, VB
Yayın, Dağıtım, Vb Yeri Ankara
Yayıncı, Dağıtıcı, Vs Adı [yayl.y.]
Yayın, Dağıtım, Vb Tarihi 1971
300 ## - FİZİKSEL TANIM
Kapsam viii, 380 s.
Diğer Fiziksel Ayrıntıları tbl.
Boyutlar 24 sm.
500 ## - GENEL NOT
Genel Not "Bu kitap oniki sosyal demokrat sendika ve federasyon yöneticileri tarafından hazırlanmıştır."
650 ## - KONU KATMA GİRİŞ - TOPİKAL DÖNEM
Topikal Süreli Veya Coğrafi Ad Giriş Elemanı Türk İşçi Hareketi
650 ## - KONU KATMA GİRİŞ - TOPİKAL DÖNEM
Topikal Süreli Veya Coğrafi Ad Giriş Elemanı İşçi sendikaları
Genel Alt Bölümü Siyasal etkinlik
Kronolojik Alt Bölümü İşçi hareketleri
Coğrafi Alt Bölümü Türkiye
650 ## - KONU KATMA GİRİŞ - TOPİKAL DÖNEM
Topikal Süreli Veya Coğrafi Ad Giriş Elemanı Sosyal demokrasi
Coğrafi Alt Bölümü Türkiye
650 ## - KONU KATMA GİRİŞ - TOPİKAL DÖNEM
Topikal Süreli Veya Coğrafi Ad Giriş Elemanı Toplumsal sorunlar
Genel Alt Bölümü Sosyal güvenlik sorunu
Coğrafi Alt Bölümü Türkiye
650 ## - KONU KATMA GİRİŞ - TOPİKAL DÖNEM
Topikal Süreli Veya Coğrafi Ad Giriş Elemanı İşçi sınıfı
Genel Alt Bölümü Ekonomik sorunlar
Coğrafi Alt Bölümü Türkiye
942 ## - EKLENDİ GİRİŞ ELEMANLARI (KOHA)
Sınıflandırma Veya Raf Düzeni Kaynak Dewey Decimal Classification
Koha Öğesi Türü Books
999 ## - SİSTEM KONTROL NUMARALARI (KOHA)
Koha Biblionumber 6963
Koha Biblioitemnumber 6963
Holdings
Kalıcı Konum Mevcut Konum Edinme Tarihi Edinim Kaynak Toplam Check-Out'Lar Tam Çağrı Numarası Barkod Tarih Son Görülme İtibaren Geçerli Fiyatlar Koha Öğesi Türü Kopya Sayısı
CHP Kütüphanesi CHP Kütüphanesi 10/01/2016 Bağış   335.509561 T96 1971 005150 10/01/2016 10/01/2016 Books  
CHP Kütüphanesi CHP Kütüphanesi 10/02/2016 Bağış   335.509561 T96 1971 005169 10/02/2016 10/02/2016 Books k.2
CHP Kütüphanesi CHP Kütüphanesi 10/02/2016 Bağış   335.509561 T96 1971 005170 10/02/2016 10/02/2016 Books k.3